000
00334nam a22001457a 4500
008
210308b ||||| |||| 00| 0 eng d
020
_a
9780323016254
041
_a
eng
080
_2
3rd
_a
616
082
_a
616
100
_a
9
101
_a
PAT
245
_a
Comprehensive Radiographic Pathology
_c
Eisenberd, R.L
942
_2
udc
_c
BK
999
_c
55952
_d
55952